El Cardito : carta topográfica /

Carta de la región circundante a El Cardito. Cubre la zona comprendida, al norte, por Majada Los Girasoles; al sur, por Noria San Francisco; al oriente, por El Rosario; al poniente, por San Elías del Carbonero, todas ellas comunidades del municipio de Mazapil, Zacatecas.

Sparad:
Bibliografiska uppgifter
Institutionellt upphov: Instituto Nacional de Estadística y Geografía
Materialtyp: Karta
Upplaga:2a edición
Serie:(Carta Topográfica)
Ämnen:
Taggar: Lägg till en tagg
Inga taggar, Lägg till första taggen!

MARC

LEADER 00000nem^a2200000^a^4500
001 000303796
005 20250521000000.0
009 20260310112658.49
037 |a Acervo ITESO - Biblioteca 
041 |a GRA 
093 |a G-14-C-71 
110 |a Instituto Nacional de Estadística y Geografía 
240 1 1 |a [El Cardito, materiales cartográficos] 
245 1 0 |a El Cardito :  |b carta topográfica /  |c INEGI. 
250 |a 2a edición 
255 |a Escala 1 : 50 000 ;  |b Proyección Universal Transversa de Mercator 
264 |a México :  |b Instituto Nacional de Estadística y Geografía, Dirección General de Geografía y Medio Ambiente,  |c 2008-2010 
300 |a 1 mapa 
336 |a imagen cartográfica estática  |b cri  |2 rdacontenido 
337 |a sin mediación  |b n  |2 rdamedio 
338 |a mapa  |b nz  |2 rdasoporte 
440 1 |a (Carta Topográfica) 
520 |a Carta de la región circundante a El Cardito. Cubre la zona comprendida, al norte, por Majada Los Girasoles; al sur, por Noria San Francisco; al oriente, por El Rosario; al poniente, por San Elías del Carbonero, todas ellas comunidades del municipio de Mazapil, Zacatecas. 
522 |a Cartas adyacentes: G13D69, G14C61, G14C62, G13D79, G14C72, G13D89, G14C81, G14C82 
522 |a Vegetación predominante: vegetación silvestre 
522 |a Carta formada por métodos fotogramétricos a partir de fotografías obtenidas en octubre de 1999 
546 |a Edición gráfica con texto en español 
649 |a XX 
650 |a Topografía -  |z México 
650 |a Sierra el Duraznillo 
650 |a Sierra la Gruñidora 
650 |a Sierra el Jacalito 
650 |a Sierra el Toro 
650 |a Majada Los Girasoles, Zacatecas -  |x Mapas 
650 |a Sábana Grande, Zacatecas -  |x Mapas 
650 |a El Rosario, Zacatecas -  |x Mapas 
650 |a El Cardito, Zacatecas -  |x Mapas -  |x Tema Principal 
650 |a San Elías del Carbonero, Zacatecas -  |x Mapas 
650 |a Ignacio Allende, Zacatecas -  |x Mapas 
650 |a Noria San Francisco, Zacatecas -  |x Mapas 
650 |a Mazapil, Zacatecas -  |x Mapas 
650 |a Zacatecas -  |x Mapas 
650 |a México -  |x Mapas 
910 |a Fondo General 
920 |a Gráficos - Mapas 
905 |a 503 
901 |a 0500190364  |b IT2  |c MAP  |i D53805  |u 20250521 
902 |a https://opac.biblio.iteso.mx/vufind/Record/000303796